| 000 | 00520 a2200133 4500 | ||
|---|---|---|---|
| 082 | _aPGDIT-2 | ||
| 100 |
_aSaud Mukhtar _9101135 |
||
| 245 |
_aSelection, Configuration and Testing of Firewall for NIIT Intranet _cSaud Mukhtar |
||
| 260 |
_aIsalamabad, _bNUST School of Electrical Engineering & Computer Science, _c2002. |
||
| 300 |
_a132. : _bill. ; _c27 cm. |
||
| 500 | _aSupervisors : Mr. Ali Hammad Akbar, Mr. Nadeem Ahmad. | ||
| 856 | _uhttp://10.250.8.41:8080/xmlui/handle/123456789/13458 | ||
| 942 |
_cPR _kPGDIT-2 SAU _2ddc |
||
| 999 |
_c9238 _d9238 |
||